000 00800nmm a2200301 a 4500
003 AR-BaBNM
005 20251128211629.0
008 145020n ||||||||||||||000 | spa||
020 _a950-786-232-3
040 _cAR-BaBNM
100 1 _aJosé, Elena Teresa
245 1 0 _aTextos y pretextos para filosofar
250 _a1ª ed.
260 _aBuenos Aires
_bBiblos
_b1999
300 0 _a141 p.
650 4 _aFILOSOFIA
650 4 _aFILOSOFIA DE LAS CIENCIAS
650 4 _aLENGUAJE
650 4 _aREFORMA DE LA EDUCACION
650 4 _aENSENANZA UNIVERSITARIA
650 4 _aETICA
650 4 _aACTIVIDAD INTELECTUAL
650 4 _aACTIVIDADES DE ENSENANZA
650 4 _aPROFESORES UNIVERSITARIOS
700 1 _aPalacios, María Julia
_eprologuista
942 _cBK
998 _cEugenia
999 _c20509
_d20509